Los cazafantasmas : (Registro nro. 37392)

Detalles MARC
000 -CABECERA
Longitud fija campo de control 01141nam a2200301 a 4500
003 - • IDENTIFICADOR DELl NÚMERO DE CONTROL
Identificador del número de control CO-ViMGA
005 - • FECHA Y HORA DE LA ÚLTIMA TRANSACCIÓN
Fecha y hora de la última transacción 20230915233615.0
008 - • CÓDIGOS DE INFORMACIÓN DE LONGITUD FIJA
Códigos de información de longitud fija 180122s2016 ck a gr 000 j spa d
020 ## - • NÚMERO INTERNACIONAL NORMALIZADO PARA LIBROS
Número Internacional Normalizado para Libros (ISBN) 9789583052743
040 ## - FUENTE DE LA CATALOGACIÓN
Centro catalogador de origen CO-ViMGA
Lengua de catalogación spa
Centro transcriptor CO-ViMGA
041 1# - • CÓDIGO DE LENGUA
Código de lengua original ger
082 04 - • NÚMERO DE LA CLASIFICACIÓN DECIMAL DEWEY
Número de clasificación (R) 833.91
Número del ítem F85c7
Número de edición 19
100 1# - • PUNTO DE ACCESO PRINCIPAL-NOMBRE DE PERSONA
Nombre de persona Funke, Cornelia,
Fechas asociadas al nombre 1958-
245 14 - • TITULO PROPIAMENTE DICHO
Título Los cazafantasmas :
Resto del título y el fantasma de fuego /
Mención de responsabilidad, etc. Cornelia Funke ; ilustraciones Frďeric Bertrand ; traducción del alemán Carlos Eduardo Soler.
250 ## - • MENCIÓN DE EDICIÓN
Mención de edición Edición Mireya Fonseca Leal.
300 ## - • DESCRIPCIÓN FÍSICA
Extensión 128 páginas :
Otras características físicas ilustraciones ;
Dimensiones 22 cm.
534 ## - • Nota De Versión Original
-- Título original :
Título Gespensterjg̃er im feuerspuk.
650 14 - • PUNTO DE ACCESO ADICIONAL DE MATERIA - TÉRMINO DE MATERIA
Término de materia o nombre geográfico como elemento inicial Fantasmas
Subdivisión de forma Cuentos juveniles.
650 14 - • PUNTO DE ACCESO ADICIONAL DE MATERIA - TÉRMINO DE MATERIA
Término de materia o nombre geográfico como elemento inicial Miedo
Subdivisión de forma Cuentos juveniles.
650 14 - • PUNTO DE ACCESO ADICIONAL DE MATERIA - TÉRMINO DE MATERIA
Término de materia o nombre geográfico como elemento inicial Cuentos juveniles.
650 14 - • PUNTO DE ACCESO ADICIONAL DE MATERIA - TÉRMINO DE MATERIA
Término de materia o nombre geográfico como elemento inicial Historias de aventuras.
700 1# - • PUNTO DE ACCESO ADICIONAL - NOMBRE DE PERSONA
Nombre de persona Bertrand, Frďřic,
Fechas asociadas al nombre 1981-,
Término indicativo de función ilustrador.
700 1# - • PUNTO DE ACCESO ADICIONAL - NOMBRE DE PERSONA
Nombre de persona Fonseca Leal, Raquel Mireya,
Término indicativo de función editora.
700 1# - • PUNTO DE ACCESO ADICIONAL - NOMBRE DE PERSONA
Nombre de persona Soler, Carlos Eduardo,
Término indicativo de función traductor.
942 ## - ENTRADA DE ELEMENTOS AGREGADOS (KOHA)
Fuente de clasificaión o esquema Dewey Decimal Classification
Koha [por defecto] tipo de item LIbro
Existencias
Perdido Fuente de clasificación o esquema Estado Físico No para préstamo Forma de adquisición Localización permanente Localización actual Fecha adquisición Préstamos totales Signatura completa Código de barras Fecha última consulta Fecha del precio de reemplazo Tipo de item de Koha
  Dewey Decimal Classification     Sala General Segundo Piso Biblioteca Pública Germán Arciniegas - Villavicencio Biblioteca Pública Germán Arciniegas - Villavicencio 04/28/2020   833.91 F85c7 33469 04/28/2020 04/28/2020 LIbro
  Dewey Decimal Classification     Sala General Segundo Piso Biblioteca Pública Germán Arciniegas - Villavicencio Biblioteca Pública Germán Arciniegas - Villavicencio 04/28/2020   833.91 F85c7 33470 04/28/2020 04/28/2020 LIbro









Instituto Departamental de Cultura del Meta - Red Departamental de Bibliotecas Públicas del Meta.